| 000 | 00755 a2200217 4500 | ||
|---|---|---|---|
| 020 | _a1402081529 | ||
| 020 | _a9781402081521 | ||
| 082 | 0 | 4 | _a620.86 |
| 090 |
_c701 _d701 |
||
| 100 | _aPalanque Phillippe | ||
| 245 | 1 | 0 |
_aHuman error, safety and systems development / _cPhilippe Palanque, Chris Johnson. |
| 250 | _a1st ed. | ||
| 260 |
_a[S.l.] : _bSpringer, _c2004. |
||
| 300 |
_a340 p. ; _c24 cm. |
||
| 490 | 1 | _aIfip advances in information and communication technology. | |
| 700 | _aPalanque Phillippe | ||
| 700 | _aJohn | ||
| 830 | _aIfip advances in information and communication | ||
| 942 |
_aSNS _cBK _k620.86 JOH |
||
| 999 |
_c29330 _d29330 |
||